000 00873nam a2200253Ia 4500
003 OSt
005 20220927105442.0
006 a|||||r|||| 00| 0
007 ta
008 220926b |||||||| |||| 00| 0 eng d
024 _a175213
037 _cReference Collections
040 _aRTL
_cRTL
_beng
041 _2eng
_aeng
082 _a"VIN45, 933:8.N73, L2, 6A/UN"
110 _a"UNITED NATIONS, GENEARAL ASSEMBLY, OFFICIAL RECORDS:TWENTY-SEVENTH SESSION."
_9372644
245 0 _aBudget for the financial year 1973.
260 _aNew
_bYork United Nations
_c1973
300 _a"iii,40p"
_ccm.
500 _aSupplement No.6A (A/8706/Add.1)
700 _a"UNITED NATIONS, GENEARAL ASSEMBLY, OFFICIAL RECORDS:TWENTY-SEVENTH SESSION."
_9372645
942 _h"VIN45, 933:8.N73, L2, 6A/UN"
_cCC
999 _c692639
_d692639